02578agaaa2200325 45000010005000000030009000050050017000140070009000310080040000400400023000800410013001031000045001161300021001612400027001822450160002092460020003692500022003892600097004113000034005085080188005425110094007305201096008245380016019205460013019366500066019497000056020157000061020717000057021327000063021898011IT-RoPAU20220918181231.0d cvaizq50131s9999||||xx ||| | || ||und|| aIT-RoPAUcIT-RoPAU aITALIANO aJordan NeilgCodice regista SPICS: 10265 aNON SIAMO ANGELI aWE'RE NO ANGELSgT3714 aNON SIAMO ANGELIcProdotto da: Linson Art -- Sceneggiatura: Mamet David -- Diretto da: Jordan NeilpNON SIAMO ANGELI (Rif. Codice opera principale : H8011) aWE'RE NO ANGELS aEdizione Standard a(USA)bPARAMOUNT / Distribuzione: MONDADORIg"1989 (1° ed.: 2007 ; Ed. Lingua Orig.: 1989)" aDVDbsonoro, col.c102 minuti a"Fotografia: Rousselot Philippe; Montaggio: Audsley M Van Wijk J; Musica: Fenton George; Sceneggiatura: Mamet David; Scenografia: Kroeger Wolf; Soggetto: Husson Albert -- Mamet David" a"De; Niro Robert; Penn Sean; Moore Demi; Axton Hoyt; Kirby Bruno; Rosso James; Buhay Ken" a"NEL 1935 3 DETENUTI EVADONO DA UN'ORRIBILE CARCERE AL CONFINE AMERICANO-CANADESE IN MODO ROCAMBOLESCO. UNO DI LORO, BOBBY, SPIETATO, PER EVITARE LA SEDIA ELETTRICA FA STRAGE DI POLIZIOTTI E DI CHIUNQUE CERCHI DI FERMARLO. GLI ALTRI DUE, JIM E NED, INOFFENSIVI SI RITROVANO AD ACCOMPAGNARLO LORO MALGRADO. FUORI DEL PENITENZIARIO I 3 SI SEPARANO: BOBBY VA PER LA SUA STRADA, GLI ALTRI DUE SI AVVIANO VERSO UN PAESINO DELLA FRONTIERA. QUI VENGONO SCAMBIATI PER DUE SACERDOTI. PADRE BROWN E PADRE REILLY, ACCORSI SUL POSTO IN OCCASIONE DELLA FESTA DELLA MADONNA CHE PIANGE. IN QUESTA SITUAZIONE JIM SEMBRA TROVARSI SUBITO A SUO AGIO, E CON LA SUA INVIDIABILE CAPACITA' DI FARE RIFLESSIONI BIBLICHE ATTRAE LA SIMPATIA E LA STIMA DELLA GENTE. DURANTE LA PROCESSIONE SOLENNE SUCCEDE UN PANDEMONIO E PER SALVARE UNA BAMBINA SORDUMUTA VENGONO SCOPERTI. ORMAI PERO' SONO AMATI DA TUTTI E IL VESCOVO STESSO LIPERDONA. I DUE AMICI DECIDONO DI DIVIDERSI: JIM SI FARA' PRETE SUL SERIO ERIMARRA' NEL PAESE; NED INVECE SI AVVIA VERSO IL CANADA INSIEME A MOLLY E ALLA SUA BAMBINA, GUARITA MIRACOLOSAMENTE." aPAL, STEREO aITALIANO aCOMMEDIA - GIALLOeDVD-FILM [DVD]xCodice MATERIA SPICS: 9947 aFenton Georgee(musica)gCodice Musica SPICS: 40807 aHusson Albert e(soggetto)gCodice Soggetto SPICS: 59200 aJordan Neil e(regista)gCodice regista SPICS: 10265 aMamet David e(soggetto)gCodice Soggetto 2° SPICS: 18279